000 004640000a22001810004500
003 MACL
005 20151217141315.0
008 151217b xxu||||| |||| 00| 0 eng d
040 _aMACL
_cMACL
041 _aEnglish
082 _a030/SUR
100 _aSourie, Margaret
_920761
245 _aIt Encyclopaedia.Com
_bVol 10 Dictionary of It Terms
260 _bPentagon Press
_c2001
350 _a825
650 _aEncyclopaedia
_920762
942 _cBK
_k030/SUR
_2ddc
999 _c40046
_d40046